Southville International School and Colleges
Your cart is empty.
  • Cart
  • Lists
    Public lists Eva Luna New books Lux_list list_1
    Your lists Log in to create your own lists
  • Log in to your account
  • Your cookies
  • Search history
Southville International School and Colleges
  • Advanced search
  • Recent comments
  • Most popular
  • Libraries

Log in to your account

Log in with GOOGLE


If you do not have an external account, but do have a local account, you can still log in:

  1. Home
  2. MARC view: Exploring : the philosophical terrain /
Normal view MARC view ISBD view

Exploring : the philosophical terrain / (Record no. 283632)

[ view plain ]
MARC details
000 -LEADER
fixed length control field 00663nam a2200205 a 4500
001 - CONTROL NUMBER
control field FIB030788
003 - CONTROL NUMBER IDENTIFIER
control field PILC
005 - DATE AND TIME OF LATEST TRANSACTION
control field 20150227085723.0
008 - FIXED-LENGTH DATA ELEMENTS--GENERAL INFORMATION
fixed length control field
020 ## - INTERNATIONAL STANDARD BOOK NUMBER
International Standard Book Number 9789719968191
050 ## - LIBRARY OF CONGRESS CALL NUMBER
Classification number B 5222
Item number .Ex74 2013
245 #0 - TITLE STATEMENT
Title Exploring : the philosophical terrain /
Statement of responsibility, etc Dennis Apolega [and eighteen others], authors ; Leni Garcia, editor.
260 ## - PUBLICATION, DISTRIBUTION, ETC. (IMPRINT)
Place of publication, distribution, etc Quezon City : C & E Publishing, 2013.
300 ## - PHYSICAL DESCRIPTION
Extent xi, 543 pages ;
Dimensions 22 cm.
500 ## - GENERAL NOTE
General note Includes bibliographical references.
650 ## - SUBJECT ADDED ENTRY--TOPICAL TERM
Topical term or geographic name as entry element Philosophy, Philippine.
700 ## - ADDED ENTRY--PERSONAL NAME
Personal name Apolega, Dennies,
Relator term author.
700 ## - ADDED ENTRY--PERSONAL NAME
Personal name Garcia, Leni.,
Relator term editor.
942 ## - ADDED ENTRY ELEMENTS (KOHA)
Source of classification or shelving scheme Library of Congress Classification
Koha item type Books
Holdings
Withdrawn status Lost status Source of classification or shelving scheme Damaged status Home library Current library Shelving location Date acquired Source of acquisition Total Checkouts Total Renewals Full call number Barcode Date last seen Date checked out Price effective from Koha item type
    Library of Congress Classification   College Library College Library Filipiniana Section 02/27/2015 Library Fund 1 5 B 5222 .Ex74 2013 C19115 02/18/2020 01/09/2020 02/27/2015 Books

Exploring : the philosophical terrain /

APA

Apolega D., Garcia L., .Exploring : the philosophical terrain. Quezon City : C & E Publishing, 2013: .

Chicago

Apolega Dennies, Garcia Leni, .Exploring : the philosophical terrain. Quezon City : C & E Publishing, 2013: .

Harvard

Apolega D., Garcia L., .Exploring : the philosophical terrain. Quezon City : C & E Publishing, 2013: .

MLA

Apolega Dennies, Garcia Leni, .Quezon City : C & E Publishing, 2013: . .

  • Place hold
  • Print
  • Cite
  • Add to your cart (remove)
  • Save record
    BIBTEX Dublin Core MARCXML MARC (non-Unicode/MARC-8) MARC (Unicode/UTF-8) MARC (Unicode/UTF-8, Standard) MODS (XML) RIS
  • More searches
    Search for this title in:
    Other Libraries (WorldCat) Other Databases (Google Scholar) Online Stores (Bookfinder.com) Open Library (openlibrary.org)

Exporting to Dublin Core...

SOUTHVILLE LIBRARY

Southville International School and Colleges Library

1281 Tropical Ave. Cor. Luxembourg St., BF Homes International, Las Pinas City

Tel. No. 8256374 / 252358 Loc. 117/146

Powered by Koha